000 00433nam a2200181Ia 4500
001 2033
005 20260306143812.0
008 260306t2022||||xx |||||||||||||| ||spa||
041 _aESP
082 _a611.0181
_bA36A
100 _aAlberts, Bruce,
_eAUT
245 0 _aMolecular biology of the cell
260 _c2022
300 _axxxviii, 1404 páginas :
_c28 cm.
650 _aGEN
654 _aCCS
942 _cLIB
_dJUS
_fJUS
_2ddc
_n
999 _c2033
_d2033